Physics / (Record no. 8650)

MARC details
000 -LEADER
fixed length control field 00634cam a2200229 a 4500
001 - CONTROL NUMBER
control field 4297393
003 - CONTROL NUMBER IDENTIFIER
control field OSt
005 - DATE AND TIME OF LATEST TRANSACTION
control field 20240619111234.0
008 - FIXED-LENGTH DATA ELEMENTS--GENERAL INFORMATION
fixed length control field 860908s1987 mauaf 001 0 eng
010 ## - LIBRARY OF CONGRESS CONTROL NUMBER
LC control number 86021493
020 ## - INTERNATIONAL STANDARD BOOK NUMBER
International Standard Book Number 0316951838
040 ## - CATALOGING SOURCE
Original cataloging agency DDC
Transcribing agency MUST
082 00 - DEWEY DECIMAL CLASSIFICATION NUMBER
Classification number 530 WOL 1987
Edition number 22
100 1# - MAIN ENTRY--PERSONAL NAME
Personal name Wolfson, Richard and Pasachoff ,Jay M.
9 (RLIN) 17507
245 10 - TITLE STATEMENT
Title Physics /
Statement of responsibility, etc. Richard Wolfson,
260 ## - PUBLICATION, DISTRIBUTION, ETC. (IMPRINT)
Place of publication, distribution, etc. Boston :
Name of publisher, distributor, etc. Little, Brown,
Date of publication, distribution, etc. c1987.
300 ## - PHYSICAL DESCRIPTION
Extent xvi, 1081 p.,
Other physical details ill. (some col.) ;
Dimensions 26 cm.
504 ## - BIBLIOGRAPHY, ETC. NOTE
Bibliography, etc Includes indexes
650 #0 - SUBJECT ADDED ENTRY--TOPICAL TERM
Topical term or geographic name as entry element Physics.
9 (RLIN) 809
700 1# - ADDED ENTRY--PERSONAL NAME
Personal name Jay M. Pasachoff.
9 (RLIN) 17508
942 ## - ADDED ENTRY ELEMENTS (KOHA)
Source of classification or shelving scheme Dewey Decimal Classification
Koha item type Open Shelf
Holdings
Withdrawn status Lost status Source of classification or shelving scheme Damaged status Not for loan Home library Current library Date acquired Source of acquisition Inventory number Total Checkouts Full call number Barcode Date last seen Price effective from Koha item type
    Dewey Decimal Classification     MUST Main Library MUST Main Library 19/06/2024   99/13137   530 WOL 1987 2024-20904 19/06/2024 19/06/2024 Open Shelf